[Event "Chigorin Memorial 30th"]
[Site "St Petersburg"]
[Date "2023.10.28"]
[Round "8"]
[White "Baturin Vinogradov, Miroslav"]
[Black "Troshichev, Yaroslav"]
[Result "1-0"]
[WhiteElo "1322"]
[BlackElo "1601"]
[PlyCount "120"]
[EventDate "2023.10.21"]
[EventType "swiss"]
[EventRounds "9"]
[EventCountry "RUS"]
[SourceTitle "Mega2024 Update 01"]
[Source "Chessbase"]
[SourceDate "2023.11.12"]
[SourceVersion "1"]
[SourceVersionDate "2023.11.12"]
[SourceQuality "1"]

1. e4 c6 2. d4 d5 3. exd5 cxd5 4. Bd3 Nc6 5. c3 Nf6 6. h3 g6 7. Nf3 Bf5 8. Bg5 Bxd3 9. Bxf6 exf6 10. Qxd3 Bd6 11. 0-0 0-0 12. Nbd2 Qd7 13. Rfe1 Rfe8 14. Nf1 Ne7 15. Re2 Nf5 16. Rae1 Re6 17. Ne3 Nxe3 18. Rxe3 Rae8 19. b3 Bf4 20. R3e2 Qe7 21. Kf1 Bc7 22. Qb5 Rxe2 23. Rxe2 Qxe2+ 24. Qxe2 Rxe2 25. Kxe2 Kf8 26. Ne1 Ke7 27. Nd3 Kd6 28. f4 h5 29. g4 hxg4 30. hxg4 b6 31. f5 g5 32. Ke3 a5 33. a4 Kc6 34. c4 Bh2 35. Nf2 Bg1 36. Kf3 Bh2 37. Ke2 Bg1 38. Kf1 Bh2 39. Nd1 Bf4 40. Ke2 Kd6 41. Kd3 Kc6 42. Nc3 dxc4+ 43. Kxc4 Bc7 44. Ne4 Bd8 45. d5+ Kd7 46. Kb5 Kc7 47. Ka6 Kd7 48. Kb7 Ke7 49. Kc6 Ke8 50. Nd6+ Kf8 51. Nc8 Ke8 52. d6 b5 53. axb5 a4 54. bxa4 Ba5 55. b6 Bxb6 56. Nxb6 Kf8 57. d7 Kg7 58. d8Q Kh7 59. Qxf6 Kg8 60. Nd7 Kh7 1-0

[Event "Chigorin Memorial 30th"]
[Site "St Petersburg"]
[Date "2023.10.26"]
[Round "6"]
[White "Baturin Vinogradov, Miroslav"]
[Black "Zhukov, Konstantin"]
[Result "0-1"]
[WhiteElo "1322"]
[BlackElo "1626"]
[PlyCount "30"]
[EventDate "2023.10.21"]
[EventType "swiss"]
[EventRounds "9"]
[EventCountry "RUS"]
[SourceTitle "Mega2024 Update 01"]
[Source "Chessbase"]
[SourceDate "2023.11.12"]
[SourceVersion "1"]
[SourceVersionDate "2023.11.12"]
[SourceQuality "1"]

1. e4 e6 2. d4 d5 3. Nd2 c5 4. exd5 Qxd5 5. Ngf3 cxd4 6. Bc4 Qd6 7. 0-0 Nf6 8. Nb3 Nc6 9. Re1 a6 10. a4 Be7 11. Nbxd4 Nxd4 12. Nxd4 0-0 13. Bg5 Qc5 14. Nxe6 Bxe6 15. Bxe6 Qxg5 0-1

[Event "Chigorin Memorial 30th"]
[Site "St Petersburg"]
[Date "2023.10.24"]
[Round "4"]
[White "Baturin Vinogradov, Miroslav"]
[Black "Ponomarev, Egor1"]
[Result "1/2-1/2"]
[WhiteElo "1322"]
[BlackElo "1674"]
[PlyCount "82"]
[EventDate "2023.10.21"]
[EventType "swiss"]
[EventRounds "9"]
[EventCountry "RUS"]
[SourceTitle "Mega2024 Update 01"]
[Source "Chessbase"]
[SourceDate "2023.11.12"]
[SourceVersion "1"]
[SourceVersionDate "2023.11.12"]
[SourceQuality "1"]

1. e4 c6 2. d4 d5 3. exd5 cxd5 4. Bd3 Nc6 5. c3 Nf6 6. Nf3 Bg4 7. Bf4 e6 8. Nbd2 Bd6 9. Bg3 Bxg3 10. hxg3 Qd6 11. Qc2 h5 12. 0-0 Bxf3 13. Nxf3 0-0 14. Rfe1 Nd7 15. Re2 Rab8 16. a4 Rfc8 17. Qd2 Na5 18. Rae1 Nc4 19. Bxc4 Rxc4 20. b3 Rc7 21. Ne5 Nxe5 22. Rxe5 Rbc8 23. R5e3 Qa3 24. Rb1 a6 25. g4 b5 26. axb5 axb5 27. c4 bxc4 28. bxc4 Qd6 29. c5 Qf4 30. Qd1 Ra7 31. g3 Qf6 32. Reb3 e5 33. Rb6 Qe7 34. Rd6 Rac7 35. dxe5 Qxe5 36. Rxd5 Qe7 37. Rc1 Rxc5 38. Rcxc5 Rxc5 39. Rxc5 Qxc5 40. Qd8+ Kh7 41. Qd3+ g6 1/2-1/2